El último cuaderno : (Record no. 205955)

MARC details
000 -CABECERA
campo de control de longitud fija 00942cam a2200241 a 4500
005 - FECHA Y HORA DE LA ÚLTIMA TRANSACCIÓN
campo de control 20240913063952.0
008 - ELEMENTOS DE LONGITUD FIJA--INFORMACIÓN GENERAL
campo de control de longitud fija 191105s2011 mx gr 000 0 spa d
020 ## - NÚMERO INTERNACIONAL NORMALIZADO PARA LIBROS
Número Internacional Estándar del Libro 9786071109323
035 ## - NÚMERO DE CONTROL DEL SISTEMA
Número de control de sistema UPN01000233860
040 ## - FUENTE DE LA CATALOGACIÓN
Centro catalogador/agencia de origen MX-MxUPN
Lengua de catalogación spa
Centro/agencia transcriptor MX-MxUPN
050 14 - SIGNATURA TOPOGRÁFICA DE LA BIBLIOTECA DEL CONGRESO
Número de clasificación PQ9281 S2
Número de documento/Ítem Z4.685 2011
100 1# - ASIENTO PRINCIPAL--NOMBRE PERSONAL
Nombre de persona Saramago, José,
Fechas asociadas al nombre 1922-2010
9 (RLIN) 29596
245 13 - MENCIÓN DE TÍTULO
Título El último cuaderno :
Resto del título textos escritos para el blog, marzo de 2009-junio de 2010 /
Mención de responsabilidad, etc. José Saramago ; prólogo de Umberto Eco ; traducción de Pilar del Río
260 ## - PUBLICACIÓN, DISTRIBUCIÓN, ETC.
Lugar de publicación, distribución, etc. México, D.F. :
Nombre del editor, distribuidor, etc. Alfaguara :
-- Fundación José Saramago ,
Fecha de publicación, distribución, etc. 2011.
300 ## - DESCRIPCIÓN FÍSICA
Extensión 281 páginas
500 ## - NOTA GENERAL
Nota general Título original: O caderno 2.
600 12 - ASIENTO SECUNDARIO DE MATERIA - NOMBRE PERSONAL
9 (RLIN) 5581
Nombre de persona Saramago, José,
Fechas asociadas al nombre 1922-2010
Subdivisión de forma Correspondencia, memorias, etc.
700 1# - ASIENTO SECUNDARIO--NOMBRE DE PERSONAL
Nombre de persona Eco, Umberto,
Fechas asociadas al nombre 1932-2016
Término indicativo de función/relación prologuista
9 (RLIN) 30161
700 1# - ASIENTO SECUNDARIO--NOMBRE DE PERSONAL
Nombre de persona Río, Pilar del,
Fechas asociadas al nombre 1950-
Término indicativo de función/relación traductora
9 (RLIN) 44480
905 ## - TIPO DE MATERIAL
Tipo de material Libro
942 ## - ELEMENTOS DE PUNTO DE ACCESO ADICIONAL (KOHA)
Fuente del sistema de clasificación o colocación Library of Congress Classification
Tipo de ítem Koha Libro
Holdings
Estado de retiro Estado de pérdida Fuente del sistema de clasificación o colocación Estado dañado No para préstamo Código de colección Localización permanente Ubicación/localización actual Ubicación en estantería Fecha de adquisición Clasificación Código de barras Fecha visto por última vez Tipo de ítem Koha
    Library of Congress Classification     Colección General Bib. Gregorio Torres Quintero Bib. Gregorio Torres Quintero Planta baja 23/05/2022 PQ9281 S2 Z4.685 2011 333513 31/12/2020 Libro